Money, Interest, and Stagnation Dynamic Theory and Keynes's Economics

Na minha lista:
Detalhes bibliográficos
Autor principal: Ono, Yoshiyasu
Formato: Livro
Idioma:inglês
Publicado em: Oxford Clarendon Press 1994
Edição:1. ed.
Assuntos:
Tags: Adicionar Tag
Sem tags, seja o primeiro a adicionar uma tag!

MARC

LEADER 00000nam a2200000 4500
001 c013545
005 20230105072600.1
020 |a 0-19-828837-9 
041 0 |a eng 
044 |a US 
245 1 0 |a Money, Interest, and Stagnation  |b Dynamic Theory and Keynes's Economics  |c Yoshiyasu Ono 
250 |a 1. ed. 
264 1 |a Oxford  |b Clarendon Press  |c 1994 
300 |a 202 s. 
610 2 0 |a keynesizmus 
610 2 0 |a teória peňažná 
610 2 0 |a teórie úrokové 
610 2 0 |a stagnácia 
610 2 0 |a rovnováha dynamická 
610 2 0 |a politika peňažná 
610 2 0 |a sadzby úrokové 
100 1 |a Ono, Yoshiyasu